000 00605nam a2200205Ii 4500
003 JO-AjNU
008 230606s9999||||xx |||||||||||||| ||und||
020 _a978-1-4665-1560-4
040 _aJO-AjNU
_beng
_erda
_cJO-AjNU
041 _aeng
050 1 4 _aTA710.A1.D43 2014
100 3 _aDesai, chandrakant ,
_eauthor
_94905
245 0 0 _aAdvanced Geotechnical Engineering
264 3 1 _aNew York :CRC press ,2014
300 _a616P
336 _atext
_btxt
_2rdacontent
337 _aunmediated
_bn
_2rdamedia
338 _avolume
_bnc
_2rdacarrier
650 4 _aAdvanced Geotechnical Engineering
_94906
999 _aE2538
_c2536
_d2536